00425nam a2200157Ia 4500008004100000020001500041041001200056082001600068100001500084245009600099250000800195260002500203300000800228650001500236700001600251221030s9999 xx 000 0 und d a0070589445 aEnglish a105.23bShi aJ. K. Shim 0aSchaum`s Outlines of Theory & Problems of Managerial Accountingcby J. K. Shim, J.G. Siegel a2nd bTMHaNew Delhic2004 a360 aManagement aJ.G. Siegel